000 00712nam a22002177a 4500
003 UA-OsUOA
001 119851
007 ta
008 20161118b un ||||| |||| 00| 0 ukr d
100 _aПрохоренко О.В.
090 _a3309477)
_bП84
942 _cSA
040 _aUA-OsUOA
_bukr
_cUA-OsUOA
_dUA-OsUOA
245 _aДеякі аспекти управління податковою інформацією в системі адміністрування податків
300 _aС.4-10
955 _a0
041 _aukr
080 _a3309477)
773 0 _w119850
_tЕкономіка. Фінанси. Право.
_dК.
_d2016
_g10
650 7 _a330 Економіка взагалі
_2UDC
999 _c405654
_d405654